Estudio de control de calidad en materia prima, línea de procesamiento y producto terminado en duraznos para elaboración de huesillos y descarozados

Saved in:
Bibliografiske detaljer
Main Authors: Ramírez Rojas, César (autor), Seelenberger, Patricio (Author)
Institution som forfatter: Universidad de Chile (Author)
Format: Bog
Sprog:spansk
Udgivet: Santiago Universidad de Chile 1970
Fag:
Tags: Tilføj Tag
Ingen Tags, Vær først til at tagge denne postø!

MARC

LEADER 00000nam a2200000 a 4500
001 UCR5691
003 CL-VaPUC
008 980403e19700000CL |||||||||||||||||spa|d
082 0 4 |a 664.807  |b RAM  |2 21 
100 |a Ramírez Rojas, César  |e autor  |9 407742 
700 0 |a Seelenberger, Patricio  |e author  |9 406622 
110 2 |a Universidad de Chile  |e author  |9 406623 
245 1 0 |a Estudio de control de calidad en materia prima, línea de procesamiento y producto terminado en duraznos para elaboración de huesillos y descarozados 
300 |a 46 p 
942 |c BK 
945 |d 19980403 00:00:00  |a crobeson 
260 |a Santiago  |b Universidad de Chile  |c 1970 
650 0 |a Duraznos (albaricoques, damascos, chabacanos)  |9 402805 
650 7 |a FRUTAS SECAS  |2 CL-VaPUC  |9 259763 
650 7 |a PRODUCTOS DERIVADOS DE LAS FRUTAS  |2 CL-VaPUC  |9 406624 
650 7 |a PRODUCTOS SECOS  |2 CL-VaPUC  |9 406625 
650 0 |a Control de calidad   |9 259714 
583 |a last modification  |c 19980403 00:00:00  |k Rodrigo Vera 
999 |c 268152  |d 268150 
952 |0 0  |1 0  |4 0  |6 664_807000000000000_RAM_1970  |7 0  |8 A  |9 301082  |a BIBALI  |b BIBALI  |d 2019-11-20  |i 1977423  |o 664.807 RAM 1970  |p 1977423  |r 2025-01-20  |w 2019-11-20  |y BK  |k ALI